000
00345 a2200157 4500
001
75100
020
_a
8516011259
040
_c
Anchieta - Colégio São Paulo
100
_a
Ladeira, Julieta de Godoy
240
1
0
_a
Índio vivo
_l
por
245
1
0
_a
Índio vivo
300
_a
70
362
0
_a
1994
650
4
_a
Literatura infantil
942
_c
BK
999
_c
75100
_d
75100